000 00387 a2200169 4500
001 68809
020 _a8586006386
040 _cAnchieta - Itaigara
100 _aGumz, Adriana
240 1 0 _aA girafa que fugiu do zoológico
_lpor
245 1 0 _aA girafa que fugiu do zoológico
300 _a16
362 0 _a1999
440 1 _aÁtica
650 4 _aLiteratura infantil
942 _cBK
999 _c68809
_d68809